Beast Quest: Doomskull the king of fear (Record no. 120086)

MARC details
000 -LÍDER
campo de controle de tamanho fixo 00959 a2200253 4500
001 - NÚMERO DE CONTROLE
campo de controle 120086
020 ## - ISBN - INTERNATIONAL STANDARD BOOK NUMBER
ISBN - International Standard Book Number 9781408315231
040 ## - FONTE DA CATALOGAÇÃO
Instituição que transcreveu o registro Escola Canadense de Niteroi
090 ## - NÚMERO DE CHAMADA LOCAL
Número de chamada (OCLC) (R); Número de chamada, CALL (RLIN) (NR) BLA
100 ## - ENTRADA PRINCIPAL--NOME PESSOAL
Nome pessoal Blade, Adam
245 10 - TÍTULO
Título Beast Quest: Doomskull the king of fear
250 ## - EDIÇÃO
Edição 1st. ed.
260 ## - PUBLICAÇÃO, DISTRIBUIÇÃO, ETC.
Local de publicação, distribuição, etc. United Kingdom
300 ## - DESCRIÇÃO FÍSICA
Extensão 128 p.
Dimensões 3 x 0.4 x 7.8 inches
362 0# - DATAS DE PUBLICAÇÃO E/OU DESIGNAÇÃO SEQUENCIAL
Datas de publicação e/ou designação sequencial 2014
490 0# - TÍTULO DA SÉRIE
Título da série Beast Quest: master of the beasts
520 ## - NOTA DE RESUMO, ETC
Resumo, etc. Battle fearsome beasts and fight evil with Tom and Elenna in the bestselling adventure series for boys and girls aged 7 and up.<br/><br/>Doomskull the King of Fear, Malvel's most terrifying Beast yet, has kidnapped King Hugo! If Tom fails to save him, Avantia is doomed. Tom must fight harder than he has ever done before to win the day!
650 #4 - ASSUNTO--TERMO TÓPICO
Cabeçalho tópico ou nome geográfico Good and evil
650 #4 - ASSUNTO--TERMO TÓPICO
Cabeçalho tópico ou nome geográfico Children's Literature
650 #4 - ASSUNTO--TERMO TÓPICO
Cabeçalho tópico ou nome geográfico Fantasy
650 #4 - ASSUNTO--TERMO TÓPICO
Cabeçalho tópico ou nome geográfico Action or Adventure
650 #4 - ASSUNTO--TERMO TÓPICO
Cabeçalho tópico ou nome geográfico Quests (Expeditions)
942 ## - ELEMENTOS DE ENTRADA ADICIONADOS (KOHA)
Tipo de material Koha Livros
Holdings
Situação do descarte Situação das perdas Situação física Não pode ser emprestado Biblioteca de origem Biblioteca atual Data de aquisição Total de empréstimos Número de chamada completo Código de barras Data de último acesso Data do preço efetivo Tipo de material Koha
        Canadian School of Niterói - Piratininga Canadian School of Niterói - Piratininga 09/02/2024   BLA A17179 09/02/2024 09/02/2024 Livros